000 00574nam a2200193Ia 4500
003 IN-BaIIA
008 211028s9999 xx 000 0 eng d
040 _cIIA Library
080 _a551.5
_bTOY
100 _aToynbee, Henry
_9462
245 0 _aReport on the gales experienced in the ocean district adjacent to the cape of good hope
_cHenry Toynbee
260 _aLondon
_bH.M. Stationery Office
_c1882
300 _axx,110p.
650 _aAstronomy and Astrophysics Thesaurus
650 _aClimatology
650 _aEarth Atmosphere
650 _aMeteorology
942 _cBK
999 _c241
_d241